Effect of ricehusk biochars and bioslurries on nonheading cabbage ( Brassica campestris var pekinensis) in farmer's field conditions in baphnom district, preyveng province; ប្រសិទ្ធភាពធ្យូងអង្កាម និងជីកាកសំណលឡជីវឧស្ម័នលើដំណាំស្ពៃក្រញាញ់ក្នុងលក្ខខណ្ឌស្រែកសិករនៅស្រុកបាភ្នំ ខេត្តព្រែវែង (Record no. 10702)

000 -LEADER
fixed length control field 00809nam a22001337a 4500
040 ## - CATALOGING SOURCE
Transcribing agency RUA
082 ## - DEWEY DECIMAL CLASSIFICATION NUMBER
Classification number AGR YOR 2015 B522 Or.1
100 ## - MAIN ENTRY--AUTHOR NAME
Personal name YORN SOPHEA; យ៉ន សោភា
245 ## - TITLE STATEMENT
Title Effect of ricehusk biochars and bioslurries on nonheading cabbage ( Brassica campestris var pekinensis) in farmer's field conditions in baphnom district, preyveng province; ប្រសិទ្ធភាពធ្យូងអង្កាម និងជីកាកសំណលឡជីវឧស្ម័នលើដំណាំស្ពៃក្រញាញ់ក្នុងលក្ខខណ្ឌស្រែកសិករនៅស្រុកបាភ្នំ ខេត្តព្រែវែង
260 ## - PUBLICATION, DISTRIBUTION, ETC. (IMPRINT)
Place of publication Phnom Penh
Name of publisher RUA
Year of publication 2015
300 ## - PHYSICAL DESCRIPTION
Number of Pages xi; 45p;
Other physical details ill;
Dimensions 29cm;
856 ## - ELECTRONIC LOCATION AND ACCESS
Uniform Resource Identifier YORN SOPHEA
942 ## - ADDED ENTRY ELEMENTS (KOHA)
Koha item type AGR
952 ## - LOCATION AND ITEM INFORMATION (KOHA)
Withdrawn status [LOCAL, KOHA] 0
952 ## - LOCATION AND ITEM INFORMATION (KOHA)
Withdrawn status [LOCAL, KOHA] 0
952 ## - LOCATION AND ITEM INFORMATION (KOHA)
Withdrawn status [LOCAL, KOHA] 0
952 ## - LOCATION AND ITEM INFORMATION (KOHA)
Withdrawn status [LOCAL, KOHA] 0
952 ## - LOCATION AND ITEM INFORMATION (KOHA)
Withdrawn status [LOCAL, KOHA] 0
952 ## - LOCATION AND ITEM INFORMATION (KOHA)
Withdrawn status [LOCAL, KOHA] 0
952 ## - LOCATION AND ITEM INFORMATION (KOHA)
Withdrawn status [LOCAL, KOHA] 0
952 ## - LOCATION AND ITEM INFORMATION (KOHA)
Withdrawn status [LOCAL, KOHA] 0
Holdings
Permanent Location Date acquired Koha item type Lost status Shelving location Barcode Current Location Full call number
Library Block B2016-11-03AGR B522A02712Library Block BAGR YOR 2015 B522 Or.1
Library Block B2016-11-03AGR B522A00947Library Block BAGR YOR 2015 B522 Or.2
Library Block B2016-11-03AGR B522A00746Library Block BAGR YOR 2015 B522 Or.3
Library Block B2016-11-03AGR B522A01097Library Block BAGR YOR 2015 B522 Or.4
Library Block B2016-11-03AGR B522A01841Library Block BAGR YOR 2015 B522 Or.5
Library Block B2016-11-03AGR B522A02266Library Block BAGR YOR 2015 B522 Or.6
Library Block B2016-11-03AGR B522A01519Library Block BAGR YOR 2015 B522 Or.7
Library Block B2016-11-03AGR B522A02589Library Block BAGR YOR 2015 B522 Or.8
មជ្ឈមណ្ឌលឯការនៃសាកលវិទ្យាល័យភូមិន្ទកសិកម្មចំការដូង

Powered by Koha